<?xml version="1.0" encoding="UTF-8"?><?xml-stylesheet type="text/xsl" href="static/style.xsl"?><OAI-PMH xmlns="http://www.openarchives.org/OAI/2.0/" xmlns:xsi="http://www.w3.org/2001/XMLSchema-instance" xsi:schemaLocation="http://www.openarchives.org/OAI/2.0/ http://www.openarchives.org/OAI/2.0/OAI-PMH.xsd"><responseDate>2026-04-17T23:13:54Z</responseDate><request verb="GetRecord" identifier="oai:www.recercat.cat:20.500.12327/1540" metadataPrefix="marc">https://recercat.cat/oai/request</request><GetRecord><record><header><identifier>oai:recercat.cat:20.500.12327/1540</identifier><datestamp>2025-10-22T11:30:15Z</datestamp><setSpec>com_2072_4428</setSpec><setSpec>com_2072_4427</setSpec><setSpec>col_2072_487898</setSpec></header><metadata><record xmlns="http://www.loc.gov/MARC21/slim" xmlns:dcterms="http://purl.org/dc/terms/" xmlns:xsi="http://www.w3.org/2001/XMLSchema-instance" xmlns:doc="http://www.lyncode.com/xoai" xsi:schemaLocation="http://www.loc.gov/MARC21/slim http://www.loc.gov/standards/marcxml/schema/MARC21slim.xsd">
   <leader>00925njm 22002777a 4500</leader>
   <datafield ind2=" " ind1=" " tag="042">
      <subfield code="a">dc</subfield>
   </datafield>
   <datafield ind2=" " ind1=" " tag="720">
      <subfield code="a">Marcet-Houben, Marina</subfield>
      <subfield code="e">author</subfield>
   </datafield>
   <datafield ind2=" " ind1=" " tag="720">
      <subfield code="a">Villarino, Maria</subfield>
      <subfield code="e">author</subfield>
   </datafield>
   <datafield ind2=" " ind1=" " tag="720">
      <subfield code="a">Vilanova, Laura</subfield>
      <subfield code="e">author</subfield>
   </datafield>
   <datafield ind2=" " ind1=" " tag="720">
      <subfield code="a">De Cal, Antonieta</subfield>
      <subfield code="e">author</subfield>
   </datafield>
   <datafield ind2=" " ind1=" " tag="720">
      <subfield code="a">Van Kan, Jan A. L.</subfield>
      <subfield code="e">author</subfield>
   </datafield>
   <datafield ind2=" " ind1=" " tag="720">
      <subfield code="a">Usall, Josep</subfield>
      <subfield code="e">author</subfield>
   </datafield>
   <datafield ind2=" " ind1=" " tag="720">
      <subfield code="a">Gabaldón, Toni</subfield>
      <subfield code="e">author</subfield>
   </datafield>
   <datafield ind2=" " ind1=" " tag="720">
      <subfield code="a">Torres, Rosario</subfield>
      <subfield code="e">author</subfield>
   </datafield>
   <datafield ind2=" " ind1=" " tag="260">
      <subfield code="c">2021-06-08</subfield>
   </datafield>
   <datafield ind2=" " ind1=" " tag="520">
      <subfield code="a">Brown rot, caused by Monilinia spp., is among the most important diseases in stonefruits, and some pome fruits (mainly apples). This disease is responsible for significant yield losses,particularly in stone fruits, when weather conditions favorable for disease development appear.To achieve future sustainable strategies to control brown rot on fruit, one potential approach will be to characterize genomic variation among Monilinia spp. to define, among others, the capacity to infect fruit in this genus. In the present work, we performed genomic and phylogenomic comparisons of five Monilinia species and inferred differences in numbers of secreted proteins, including CAZy proteins and other proteins important for virulence. Duplications specific to Monilinia were sparse and, overall, more genes have been lost than gained. Among Monilinia spp., low variability in the CAZome was observed. Interestingly, we identified several secondary metabolism clusters based on similarity to known clusters, and among them was a cluster with homology to pyriculol that could be responsible for the synthesis of chloromonilicin. Furthermore, we compared sequences of all strains available from NCBI of these species to assess their MAT loci and heterokaryon Compatibility systems. Our comparative analyses provide the basis for future studies into understanding how these genomic differences underlie common or differential abilities to interact with the host plant.</subfield>
   </datafield>
   <datafield ind1="8" ind2=" " tag="024">
      <subfield code="a">Marcet-Houben, Marina, Maria Villarino, Laura Vilanova, Antonieta De Cal, Jan A. L. van Kan, Josep Usall, Toni Gabaldón, and Rosario Torres. 2021. "Comparative Genomics Used To Predict Virulence Factors And Metabolic Genes Among Monilinia Species". Journal Of Fungi 7 (6): 464. doi:10.3390/jof7060464.</subfield>
   </datafield>
   <datafield ind1="8" ind2=" " tag="024">
      <subfield code="a">2309-608X</subfield>
   </datafield>
   <datafield ind1="8" ind2=" " tag="024">
      <subfield code="a">http://hdl.handle.net/20.500.12327/1540</subfield>
   </datafield>
   <datafield ind1="8" ind2=" " tag="024">
      <subfield code="a">https://doi.org/10.3390/jof7060464</subfield>
   </datafield>
   <datafield ind2="0" ind1="0" tag="245">
      <subfield code="a">Comparative Genomics Used to Predict Virulence Factors and Metabolic Genes among Monilinia Species</subfield>
   </datafield>
</record></metadata></record></GetRecord></OAI-PMH>